<?xml version="1.0" encoding="UTF-8"?>
<collection xmlns="http://www.loc.gov/MARC21/slim">
 <record>
  <leader>00536nab a2200157 i 4500</leader>
  <controlfield tag="001">delm86052</controlfield>
  <controlfield tag="005">20190617125159.0</controlfield>
  <controlfield tag="008">190617s1981    hu      o     0||   hun d</controlfield>
  <datafield tag="040" ind1=" " ind2=" ">
   <subfield code="a">SZTE Délmagyarország Archívum</subfield>
   <subfield code="b">hun</subfield>
  </datafield>
  <datafield tag="041" ind1=" " ind2=" ">
   <subfield code="a">hun</subfield>
  </datafield>
  <datafield tag="100" ind1="1" ind2=" ">
   <subfield code="a">Tandi Lajos</subfield>
  </datafield>
  <datafield tag="245" ind1="1" ind2="0">
   <subfield code="a">Deszki tükör </subfield>
   <subfield code="h">[elektronikus dokumentum] :</subfield>
   <subfield code="b">nyomdakész a község monográfiája /</subfield>
   <subfield code="c"> Tandi Lajos</subfield>
  </datafield>
  <datafield tag="260" ind1=" " ind2=" ">
   <subfield code="c">1981-09-16</subfield>
  </datafield>
  <datafield tag="300" ind1=" " ind2=" ">
   <subfield code="a">4</subfield>
  </datafield>
  <datafield tag="490" ind1="0" ind2=" ">
   <subfield code="a">Délmagyarország</subfield>
   <subfield code="v">71 No. 217</subfield>
  </datafield>
  <datafield tag="695" ind1=" " ind2=" ">
   <subfield code="a">Deszk, Tömegkommunikáció könyvkiadás Deszk, Helytörténeti kiadvány Deszk</subfield>
  </datafield>
 </record>
</collection>
